[Event "41. Torneo de Ajedrez Villa de Mislata"]
[Site "Mislata ESP"]
[Date "2007.08.29"]
[Round "8.4"]
[White "Komljenovic, Davor"]
[Black "Peña Riascos, Alexander"]
[Result "1-0"]
[WhiteElo "2487"]
[BlackElo "2296"]
[PlyCount "67"]
[EventDate "2007.08.23"]
[EventType "swiss"]
[EventRounds "9"]
[EventCountry "ESP"]
[Source "lmi"]
[SourceDate "2007.08.23"]

1. d4 Nf6 2. c4 g6 3. Nc3 Bg7 4. e4 d6 5. Nf3 O-O 6. h3 e5 7. d5 c6 8. Bg5 Qa5
9. Nd2 cxd5 10. cxd5 a6 11. a3 Qd8 12. Be2 Nbd7 13. O-O h6 14. Be3 Kh8 15. Rc1
Ne8 16. b4 Nb6 17. b5 Bd7 18. a4 Nc8 19. Nb3 f5 20. exf5 Bxf5 21. f4 Qh4 22.
Qd2 Nf6 23. fxe5 dxe5 24. Nc5 Nd6 25. Ne6 Rfc8 26. Bd3 Nc4 27. Bxc4 Rxc4 28.
Nxg7 Kxg7 29. Ne2 Rac8 30. Rxc4 Rxc4 31. Nc3 Bxh3 32. Bxh6+ Kh7 33. Bg5 Qg3 34.
Rf3 1-0

[Event "41. Torneo de Ajedrez Villa de Mislata"]
[Site "Mislata ESP"]
[Date "2007.08.29"]
[Round "8.5"]
[White "Ipatov, Alexander"]
[Black "Kovacevic, Slobodan"]
[Result "1/2-1/2"]
[WhiteElo "2298"]
[BlackElo "2364"]
[PlyCount "38"]
[EventDate "2007.08.23"]
[EventType "swiss"]
[EventRounds "9"]
[EventCountry "ESP"]
[Source "lmi"]
[SourceDate "2007.08.23"]

1. d4 Nf6 2. c4 e6 3. Nc3 c5 4. d5 exd5 5. cxd5 d6 6. e4 g6 7. h3 Bg7 8. Nf3
O-O 9. Bd3 a6 10. a4 Nh5 11. O-O Nd7 12. Be3 Re8 13. Qd2 Qe7 14. Rfe1 Qf8 15.
a5 h6 16. g4 Nhf6 17. g5 hxg5 18. Bxg5 Nh7 19. h4 Ne5 1/2-1/2

[Event "41. Torneo de Ajedrez Villa de Mislata"]
[Site "Mislata ESP"]
[Date "2007.08.29"]
[Round "8.6"]
[White "Alonso Moyano, Jonathan"]
[Black "Astasio Lopez, David"]
[Result "1-0"]
[WhiteElo "2372"]
[BlackElo "2176"]
[PlyCount "113"]
[EventDate "2007.08.23"]
[EventType "swiss"]
[EventRounds "9"]
[EventCountry "ESP"]
[Source "lmi"]
[SourceDate "2007.08.23"]

1. e4 c5 2. Nf3 e6 3. d4 cxd4 4. Nxd4 Nc6 5. Nc3 Nf6 6. Nxc6 bxc6 7. e5 Nd5 8.
Ne4 Qc7 9. f4 Qb6 10. c4 Ne3 11. Qd3 Bb4+ 12. Bd2 a5 13. a3 Bxd2+ 14. Qxd2 Rb8
15. Rb1 Qb3 16. Nd6+ Kf8 17. Qxa5 Ba6 18. Qc5 Kg8 19. Rc1 h5 20. h4 Ng4 21. Rh3
Qxb2 22. Rd1 Rb3 23. Rxb3 Qxb3 24. Bd3 g6 25. Qa5 Qb2 26. Be2 Kg7 27. Qb4 Rb8
28. Qxb2 Rxb2 29. Bxg4 hxg4 30. Rd2 Rb1+ 31. Ke2 Rc1 32. Kd3 Ra1 33. Kd4 Rxa3
34. Kc5 Ra4 35. Rd3 Kf8 36. Rg3 Ke7 37. Rxg4 Kf8 38. h5 gxh5 39. Rh4 Ra2 40.
Rxh5 Rc2 41. g3 Kg7 42. Rh1 Ra2 43. Rb1 Ra5+ 44. Kb6 Ra3 45. Rc1 f6 46. Kc7
fxe5 47. fxe5 Ra5 48. c5 Be2 49. Kxd7 Bf3 50. Ne8+ Kg6 51. Kxe6 Bd5+ 52. Kd6
Ra7 53. Nc7 Be4 54. e6 Kf6 55. Rf1+ Kg5 56. e7 Bg6 57. Rf8 1-0

[Event "41. Torneo de Ajedrez Villa de Mislata"]
[Site "Mislata ESP"]
[Date "2007.08.29"]
[Round "8.7"]
[White "Garcia Roman, Daniel"]
[Black "Pavia Miralles, Jose Manuel"]
[Result "1-0"]
[WhiteElo "2427"]
[BlackElo "2258"]
[PlyCount "115"]
[EventDate "2007.08.23"]
[EventType "swiss"]
[EventRounds "9"]
[EventCountry "ESP"]
[Source "lmi"]
[SourceDate "2007.08.23"]

1. d4 d6 2. Nf3 f5 3. g3 Nf6 4. Bg2 g6 5. O-O Bg7 6. c4 O-O 7. Nc3 Nc6 8. d5
Na5 9. Nd2 c5 10. Qc2 e5 11. dxe6 Bxe6 12. Nd5 Rb8 13. Nf4 Bf7 14. b3 d5 15.
cxd5 Nxd5 16. Bb2 Bxb2 17. Qxb2 Nxf4 18. gxf4 b5 19. Nf3 h6 20. Ne5 Qc7 21.
Nxf7 Qxf7 22. Qe5 Kh7 23. Qxc5 Rfc8 24. Qb4 Nc6 25. Qd6 Qe7 26. Rfd1 Qxd6 27.
Rxd6 Nb4 28. Rd7+ Kh8 29. Rxa7 Rc2 30. a3 Na2 31. e3 Nc1 32. Rb1 Rd8 33. Ra8
Rxa8 34. Bxa8 Nd3 35. Ra1 Nxf2 36. a4 bxa4 37. bxa4 Ng4 38. a5 Nxe3 39. a6 Nc4
40. a7 Nb6 41. Bf3 Kg7 42. Ra6 Rc7 43. h4 Re7 44. Kf2 Kh7 45. Bc6 g5 46. h5 Kg7
47. Bd5 gxf4 48. Kf3 Re3+ 49. Kf2 Re7 50. Rxb6 Rxa7 51. Rg6+ Kh7 52. Be6 Ra5
53. Kf3 Ra3+ 54. Kxf4 Ra4+ 55. Ke5 f4 56. Bf5 Ra5+ 57. Kxf4 Ra4+ 58. Be4 1-0

[Event "41. Torneo de Ajedrez Villa de Mislata"]
[Site "Mislata ESP"]
[Date "2007.08.29"]
[Round "8.8"]
[White "Garcia Ramos, Javier"]
[Black "Mellado Triviño, Joan"]
[Result "1-0"]
[WhiteElo "2242"]
[BlackElo "2389"]
[PlyCount "97"]
[EventDate "2007.08.23"]
[EventType "swiss"]
[EventRounds "9"]
[EventCountry "ESP"]
[Source "lmi"]
[SourceDate "2007.08.23"]

1. e4 d5 2. exd5 Qxd5 3. d4 e5 4. Nf3 Bg4 5. Be2 e4 6. Nc3 Bb4 7. Nd2 Bxc3 8.
bxc3 Bf5 9. Rb1 Nd7 10. Rb5 c5 11. dxc5 a6 12. Ra5 b6 13. Bc4 Qe5 14. Rxa6 Rxa6
15. Bxa6 Nxc5 16. Nc4 Qxc3+ 17. Bd2 Qd4 18. Bb5+ Bd7 19. Be3 Qxd1+ 20. Kxd1
Bxb5 21. Nd6+ Ke7 22. Nxb5 Nf6 23. Re1 Ke6 24. f3 Kd5 25. Nc3+ Kc4 26. Bxc5
Kxc3 27. Re3+ Kc4 28. Bxb6 exf3 29. Rxf3 Nd5 30. Ba5 f5 31. Bd2 g6 32. a4 Rb8
33. Rh3 Rb1+ 34. Ke2 Rb2 35. Rh4+ f4 36. Bxf4 Rxc2+ 37. Bd2+ Kb3 38. Kd3 Rc7
39. a5 h5 40. Rd4 Nc3 41. a6 Na4 42. Rb4+ Ka3 43. Rb5 Nc5+ 44. Rxc5 Rxc5 45. a7
Rd5+ 46. Ke4 Rd8 47. Bf4 Ra8 48. Bb8 Kb4 49. Ke5 1-0

[Event "41. Torneo de Ajedrez Villa de Mislata"]
[Site "Mislata ESP"]
[Date "2007.08.29"]
[Round "8.9"]
[White "Garcia Vazquez, Jhoel"]
[Black "Castella Garcia, Fausto"]
[Result "1-0"]
[WhiteElo "2229"]
[BlackElo "2381"]
[PlyCount "47"]
[EventDate "2007.08.23"]
[EventType "swiss"]
[EventRounds "9"]
[EventCountry "ESP"]
[Source "lmi"]
[SourceDate "2007.08.23"]

1. e4 c5 2. Nf3 d6 3. d4 cxd4 4. Nxd4 Nf6 5. Nc3 g6 6. Be3 Bg7 7. Bc4 O-O 8. f3
Nc6 9. Qd2 Bd7 10. Bb3 Qa5 11. O-O-O Rfc8 12. h4 Ne5 13. Kb1 b5 14. Ncxb5 Qxd2
15. Rxd2 Rab8 16. Nc3 a5 17. a4 Nc4 18. Bxc4 Rxc4 19. Rd3 Bxa4 20. Nxa4 Rxa4
21. Nc6 Rb7 22. Rb3 Rab4 23. Nxb4 axb4 24. c3 1-0

[Event "41. Torneo de Ajedrez Villa de Mislata"]
[Site "Mislata ESP"]
[Date "2007.08.29"]
[Round "8.10"]
[White "Crecente Penalva, Jose Manuel"]
[Black "Berrocal Farina, Jorge"]
[Result "0-1"]
[WhiteElo "2140"]
[BlackElo "2353"]
[PlyCount "72"]
[EventDate "2007.08.23"]
[EventType "swiss"]
[EventRounds "9"]
[EventCountry "ESP"]
[Source "lmi"]
[SourceDate "2007.08.23"]

1. c4 Nf6 2. g3 c5 3. Bg2 Nc6 4. Nc3 g6 5. e3 Bg7 6. Nge2 d6 7. O-O O-O 8. h3
a6 9. d4 Bd7 10. d5 Na5 11. Qd3 b5 12. cxb5 axb5 13. e4 b4 14. Nd1 Qb6 15. Re1
Bb5 16. Qb1 Qa6 17. Qc2 Bd3 18. Qd2 Nxe4 19. Bxe4 Bxe4 20. Nf4 Bf3 21. Qe3 Bxd1
22. Rxd1 Nc4 23. Qe1 Nxb2 24. Bxb2 Bxb2 25. Qxe7 Rfe8 26. Qh4 Bc3 27. Rac1 Be5
28. Nd3 Qxa2 29. Nxe5 Rxe5 30. Ra1 Qxa1 31. Rxa1 Rxa1+ 32. Kg2 Rxd5 33. Qd8+
Kg7 34. g4 Ra2 35. Kg3 Rd3+ 36. Kh4 Rxf2 0-1

[Event "41. Torneo de Ajedrez Villa de Mislata"]
[Site "Mislata ESP"]
[Date "2007.08.29"]
[Round "8.11"]
[White "Vega Gutierrez, Sabrina"]
[Black "Martinez Tormo, Jorge"]
[Result "1-0"]
[WhiteElo "2321"]
[BlackElo "2203"]
[PlyCount "115"]
[EventDate "2007.08.23"]
[EventType "swiss"]
[EventRounds "9"]
[EventCountry "ESP"]
[Source "lmi"]
[SourceDate "2007.08.23"]

1. e4 d5 2. exd5 Qxd5 3. Nc3 Qa5 4. d4 Nf6 5. Nf3 Bf5 6. Bd2 c6 7. Bc4 e6 8.
Nd5 Qd8 9. Nxf6+ gxf6 10. Bb3 Nd7 11. Qe2 Qc7 12. Nh4 Bg6 13. f4 O-O-O 14. f5
exf5 15. O-O-O Bd6 16. Qf2 c5 17. Nxf5 Bxf5 18. Qxf5 Kb8 19. Bxf7 cxd4 20. Kb1
Be5 21. g3 Nc5 22. Bf4 Ka8 23. Bc4 a6 24. Bb3 b5 25. Qxf6 Bxf4 26. Qxf4 Qxf4
27. gxf4 Rhf8 28. Rhf1 a5 29. Rde1 Nxb3 30. axb3 Rd5 31. Kc1 Rf7 32. Kd2 Kb7
33. Kd3 Kc6 34. Re4 Kc5 35. Rg1 Rh5 36. Rg5+ Rxg5 37. fxg5 Rf3+ 38. Ke2 Rh3 39.
Re5+ Kc6 40. Re6+ Kd5 41. Rh6 Re3+ 42. Kd2 Re7 43. h4 Ke4 44. Rf6 b4 45. Ra6
Kf4 46. Kd3 Kg4 47. Rh6 Rc7 48. Kxd4 Rxc2 49. Rxh7 Kf5 50. Rh6 Rxb2 51. g6 Kf6
52. h5 Rf2 53. Rh7 Rg2 54. Kc5 Rg3 55. g7 Kf7 56. h6 Rxb3 57. Rh8 Rg3 58. Rf8+
1-0

[Event "41. Torneo de Ajedrez Villa de Mislata"]
[Site "Mislata ESP"]
[Date "2007.08.29"]
[Round "8.12"]
[White "Gomez Jurado, Luis Alberto"]
[Black "Angulo Martinez, Jon"]
[Result "1-0"]
[WhiteElo "2301"]
[BlackElo "2198"]
[PlyCount "61"]
[EventDate "2007.08.23"]
[EventType "swiss"]
[EventRounds "9"]
[EventCountry "ESP"]
[Source "lmi"]
[SourceDate "2007.08.23"]

1. d4 Nf6 2. Nf3 e6 3. c4 Bb4+ 4. Bd2 Qe7 5. g3 Nc6 6. Bg2 Bxd2+ 7. Nbxd2 O-O
8. O-O d6 9. e4 e5 10. d5 Nb8 11. b4 a5 12. a3 Na6 13. Rb1 Bd7 14. Qc2 c6 15.
dxc6 bxc6 16. Ne1 axb4 17. axb4 Rfb8 18. Nd3 Nc7 19. Rfe1 Ne6 20. Nb3 c5 21.
bxc5 dxc5 22. Nxe5 Ba4 23. Qc3 Rxb3 24. Rxb3 Bxb3 25. Nc6 Qc7 26. Qxb3 Qxc6 27.
e5 Qa4 28. Qb7 Rd8 29. exf6 Qxc4 30. Qe7 Qd4 31. Rxe6 1-0

[Event "41. Torneo de Ajedrez Villa de Mislata"]
[Site "Mislata ESP"]
[Date "2007.08.29"]
[Round "8.13"]
[White "Torres Sanchez, Jose"]
[Black "Picazo Lopez, Juan Antonio"]
[Result "0-1"]
[WhiteElo "2292"]
[BlackElo "2198"]
[PlyCount "86"]
[EventDate "2007.08.23"]
[EventType "swiss"]
[EventRounds "9"]
[EventCountry "ESP"]
[Source "lmi"]
[SourceDate "2007.08.23"]

1. Nf3 d5 2. c4 c6 3. b3 Nf6 4. Bb2 Bf5 5. d3 Nbd7 6. g3 e6 7. Bg2 h5 8. Nbd2
a5 9. a3 Bc5 10. h3 Qe7 11. O-O h4 12. Nxh4 Bxh3 13. Bxh3 g5 14. Ndf3 gxh4 15.
Nxh4 O-O-O 16. cxd5 Rxh4 17. Bg2 Nxd5 18. e4 Ne3 19. Qf3 Nxg2 20. Kxg2 Rh6 21.
b4 Bb6 22. bxa5 Bxa5 23. Rab1 e5 24. Bc1 Rh7 25. Qf5 Rdh8 26. Be3 Rh5 27. Qg4
Bc3 28. Rb3 Bd4 29. Bxd4 exd4 30. Rfb1 Rh2+ 31. Kf1 Rh1+ 32. Ke2 Rxb1 33. Rxb1
Qc5 34. Rb2 Qh5 35. Kf3 c5 36. Rb3 Kc7 37. Qxh5 Rxh5 38. Kg4 Nf6+ 39. Kf4 Kc6
40. a4 Rh2 41. Kf3 Nd7 42. g4 c4 43. dxc4 Rh3+ 0-1

[Event "41. Torneo de Ajedrez Villa de Mislata"]
[Site "Mislata ESP"]
[Date "2007.08.29"]
[Round "8.14"]
[White "Sanchez Romero, Miguel Angel"]
[Black "Plaza Pardo, Daniel"]
[Result "1/2-1/2"]
[WhiteElo "2261"]
[BlackElo "2174"]
[PlyCount "54"]
[EventDate "2007.08.23"]
[EventType "swiss"]
[EventRounds "9"]
[EventCountry "ESP"]
[Source "lmi"]
[SourceDate "2007.08.23"]

1. d4 Nf6 2. c4 g6 3. Nc3 Bg7 4. e4 d6 5. Be2 O-O 6. Bg5 c6 7. Qd2 e5 8. d5
cxd5 9. Nxd5 Nc6 10. f3 Be6 11. Bd3 Bxd5 12. cxd5 Nd4 13. Ne2 h6 14. Be3 Nd7
15. O-O Nc5 16. b4 Nxd3 17. Qxd3 Qb6 18. Rfd1 Rfc8 19. Nxd4 exd4 20. Bxd4 Qxb4
21. Rab1 Bxd4+ 22. Qxd4 Qxd4+ 23. Rxd4 b6 24. Rb2 Rc1+ 25. Kf2 Rac8 26. Rdd2
R8c4 27. Re2 f6 1/2-1/2

[Event "41. Torneo de Ajedrez Villa de Mislata"]
[Site "Mislata ESP"]
[Date "2007.08.29"]
[Round "8.15"]
[White "Camarena Gimenez, Rufino"]
[Black "Villa Izquierdo, Robert"]
[Result "1-0"]
[WhiteElo "2152"]
[BlackElo "2332"]
[PlyCount "75"]
[EventDate "2007.08.23"]
[EventType "swiss"]
[EventRounds "9"]
[EventCountry "ESP"]
[Source "lmi"]
[SourceDate "2007.08.23"]

1. d4 Nf6 2. c4 e5 3. dxe5 Ng4 4. Bf4 Nc6 5. Nf3 Bb4+ 6. Nbd2 Qe7 7. a3 Ngxe5
8. Nxe5 Nxe5 9. e3 Bxd2+ 10. Qxd2 a5 11. Qc3 d6 12. c5 O-O 13. Be2 Bd7 14. O-O
Rfe8 15. Rfd1 Bc6 16. cxd6 cxd6 17. Rd4 f6 18. Rad1 d5 19. Rc1 a4 20. h3 h6 21.
Qb4 Kh8 22. Qxe7 Rxe7 23. Rc5 Nd7 24. Rc3 Ne5 25. Rb4 Ra5 26. Bg3 Kg8 27. f3 g6
28. Be1 Kg7 29. Kf2 Nd7 30. Rc2 Re6 31. Rxc6 bxc6 32. Rb7 Ra8 33. Rxd7+ Kg8 34.
Bc3 g5 35. Bd3 Rae8 36. Bh7+ Kh8 37. Bf5 Rxe3 38. Bxf6+ 1-0

[Event "41. Torneo de Ajedrez Villa de Mislata"]
[Site "Mislata ESP"]
[Date "2007.08.29"]
[Round "8.16"]
[White "Martinez Piqueras, Carlos"]
[Black "Sospedra Sebastian, Juan"]
[Result "1/2-1/2"]
[WhiteElo "2090"]
[BlackElo "2303"]
[PlyCount "111"]
[EventDate "2007.08.23"]
[EventType "swiss"]
[EventRounds "9"]
[EventCountry "ESP"]
[Source "lmi"]
[SourceDate "2007.08.23"]

1. d4 f5 2. Nf3 Nf6 3. g3 g6 4. Bg2 Bg7 5. O-O O-O 6. b3 d6 7. Bb2 c6 8. c4 a5
9. a3 Qe8 10. Qc2 Kh8 11. Nbd2 Qf7 12. e4 fxe4 13. Ng5 Qg8 14. Ndxe4 Bf5 15.
Qe2 h6 16. Nxf6 exf6 17. Nf3 Re8 18. Qd2 g5 19. Rfe1 Nd7 20. Rxe8 Qxe8 21. Re1
Qf7 22. Qe2 Kg8 23. Qe7 Qxe7 24. Rxe7 Bf8 25. Re3 Kf7 26. Nd2 Rc8 27. Bc3 a4
28. bxa4 Re8 29. a5 Nb8 30. Be4 Bxe4 31. Nxe4 d5 32. cxd5 cxd5 33. Nd2 Bxa3 34.
Rxe8 Kxe8 35. g4 Nc6 36. Nf1 Kd7 37. Ne3 Ke6 38. Nf5 Bb4 39. Bxb4 Nxb4 40. Nxh6
Nc6 41. Nf5 Nxa5 42. Kf1 Nc6 43. Ke2 Ne7 44. Ne3 Ng6 45. Nf5 Nf4+ 46. Kd2 b5
47. h4 gxh4 48. Nxh4 b4 49. Kc2 Ne2 50. Nf5 Nf4 51. f3 Nh3 52. Kb3 Ng1 53. Kxb4
Nxf3 54. Kc5 Nd2 55. Ng7+ Kf7 56. Nf5 1/2-1/2

[Event "41. Torneo de Ajedrez Villa de Mislata"]
[Site "Mislata ESP"]
[Date "2007.08.29"]
[Round "8.17"]
[White "Bordes Ibañez, Juan"]
[Black "Asensio Liñan, Teodoro"]
[Result "0-1"]
[WhiteElo "2075"]
[BlackElo "2276"]
[PlyCount "74"]
[EventDate "2007.08.23"]
[EventType "swiss"]
[EventRounds "9"]
[EventCountry "ESP"]
[Source "lmi"]
[SourceDate "2007.08.23"]

1. d4 Nf6 2. c4 e6 3. Nc3 c5 4. Nf3 cxd4 5. Nxd4 a6 6. g3 Qc7 7. Qd3 Nc6 8.
Nxc6 Qxc6 9. e4 Ng4 10. Be2 Ne5 11. Qd4 f6 12. Be3 b5 13. cxb5 axb5 14. Nxb5
Ba6 15. Rc1 Qxb5 16. Bxb5 Nf3+ 17. Kd1 Nxd4 18. Bxa6 Rxa6 19. Bxd4 Rd6 20. Rc4
e5 21. Kd2 Rxd4+ 22. Rxd4 exd4 23. Kd3 Bd6 24. Kxd4 Be5+ 25. Kd5 Bxb2 26. Rb1
Be5 27. f4 Bc7 28. Rb7 Kd8 29. Ra7 Kc8 30. h4 Re8 31. h5 Re6 32. Ra8+ Bb8 33.
Ra4 h6 34. Rc4+ Bc7 35. Kd4 Kb7 36. Ra4 Rb6 37. a3 Rb5 0-1

[Event "41. Torneo de Ajedrez Villa de Mislata"]
[Site "Mislata ESP"]
[Date "2007.08.29"]
[Round "8.18"]
[White "Engo Pardo, Javier"]
[Black "Serna Lara, Sergio"]
[Result "1-0"]
[WhiteElo "2072"]
[BlackElo "2270"]
[PlyCount "91"]
[EventDate "2007.08.23"]
[EventType "swiss"]
[EventRounds "9"]
[EventCountry "ESP"]
[Source "lmi"]
[SourceDate "2007.08.23"]

1. d4 d6 2. c4 e5 3. dxe5 dxe5 4. Qxd8+ Kxd8 5. Nc3 Be6 6. e4 c6 7. Nf3 f6 8.
Be3 Na6 9. Nd2 g6 10. Be2 Bh6 11. Bxh6 Nxh6 12. a3 Ke7 13. O-O Rhd8 14. Rfd1
Nc5 15. b4 Rxd2 16. Rxd2 Nb3 17. Rad1 Nxd2 18. Rxd2 a5 19. b5 cxb5 20. Nxb5 Rc8
21. Na7 Ra8 22. Nb5 Nf7 23. Rb2 Rc8 24. Na7 Rc7 25. c5 Nd8 26. Rb6 Rxc5 27. g3
Rc2 28. Bf1 Ra2 29. Nb5 Rb2 30. Kg2 f5 31. Bd3 fxe4 32. Bxe4 Bc4 33. a4 Rb4 34.
Bxb7 Rxa4 35. Nd6 Bd3 36. Bf3 Kd7 37. Nb7 e4 38. Nc5+ Kc7 39. Nxa4 exf3+ 40.
Kxf3 Bc2 41. Rb5 Bxa4 42. Rxa5 Bc6+ 43. Kf4 Kd6 44. Kg5 Nf7+ 45. Kf6 Ne5 46.
Rxe5 1-0

[Event "41. Torneo de Ajedrez Villa de Mislata"]
[Site "Mislata ESP"]
[Date "2007.08.29"]
[Round "8.19"]
[White "Monell Camarasa, David"]
[Black "Vega Gutierrez, Belinda"]
[Result "1/2-1/2"]
[WhiteElo "2224"]
[BlackElo "2098"]
[PlyCount "115"]
[EventDate "2007.08.23"]
[EventType "swiss"]
[EventRounds "9"]
[EventCountry "ESP"]
[Source "lmi"]
[SourceDate "2007.08.23"]

1. d4 Nf6 2. Nf3 e6 3. Bg5 d5 4. c4 Be7 5. Nc3 h6 6. Bh4 O-O 7. e3 b6 8. cxd5
exd5 9. Ne5 Bb7 10. Bd3 Nbd7 11. f4 c5 12. O-O a6 13. Qf3 b5 14. g4 c4 15. Bc2
b4 16. Nxd7 Nxd7 17. Bxe7 Qxe7 18. Na4 Bc6 19. g5 hxg5 20. fxg5 Qxg5+ 21. Kh1
Rae8 22. Qh3 Qh6 23. Qxh6 gxh6 24. Rf3 Re6 25. b3 Rfe8 26. Rg1+ Kf8 27. Rgg3
Bxa4 28. bxa4 Rf6 29. Bf5 Rd8 30. Kg2 Nb6 31. Bc2 Rxf3 32. Kxf3 c3 33. e4 dxe4+
34. Kxe4 Nc4 35. Kd3 Nb2+ 36. Ke3 Re8+ 37. Kf2 Nc4 38. Bd3 Na3 39. Rg1 a5 40.
Kf3 Re6 41. Kf2 Ke7 42. Rg8 Rc6 43. Rg1 Re6 44. Rg8 Kd6 45. Rd8+ Kc7 46. Rg8
Kc6 47. Rc8+ Kd5 48. Rd8+ Rd6 49. Be4+ Ke6 50. d5+ Ke5 51. Re8+ Kd4 52. Ke2 c2
53. Kd2 Rf6 54. Bxc2 Rf2+ 55. Ke1 Rxc2 56. d6 Rc6 57. d7 Rd6 58. d8=Q 1/2-1/2

[Event "41. Torneo de Ajedrez Villa de Mislata"]
[Site "Mislata ESP"]
[Date "2007.08.29"]
[Round "8.21"]
[White "Gomez Peco, Pablo"]
[Black "Penades Ordaz, Carlos"]
[Result "1-0"]
[WhiteElo "2166"]
[BlackElo "2067"]
[PlyCount "75"]
[EventDate "2007.08.23"]
[EventType "swiss"]
[EventRounds "9"]
[EventCountry "ESP"]
[Source "lmi"]
[SourceDate "2007.08.23"]

1. d4 d5 2. Nf3 Nf6 3. c4 c6 4. cxd5 cxd5 5. Nc3 e6 6. Bf4 Bd6 7. Bxd6 Qxd6 8.
e3 Qb4 9. Qd2 Bd7 10. Be2 a6 11. O-O Bc6 12. a3 Qd6 13. Ne5 Nfd7 14. f4 f6 15.
Nd3 O-O 16. Rf3 Nb6 17. b3 N8d7 18. Rg3 Bb5 19. Nxb5 axb5 20. Nb4 Ra5 21. Nxd5
Rxa3 22. Rxa3 Qxa3 23. Nxb6 Nxb6 24. e4 b4 25. d5 exd5 26. exd5 Nd7 27. d6 Qa7+
28. Qe3 Qxe3+ 29. Rxe3 Nb6 30. Bb5 Rd8 31. d7 Kf7 32. Re8 Rxd7 33. Bxd7 Nxd7
34. Re4 Nc5 35. Rxb4 Ke6 36. Rb5 Kd6 37. b4 Nd3 38. Rxb7 1-0

[Event "41. Torneo de Ajedrez Villa de Mislata"]
[Site "Mislata ESP"]
[Date "2007.08.30"]
[Round "9.1"]
[White "Hernandez, Holden"]
[Black "Rodriguez Guerrero, Enrique"]
[Result "0-1"]
[WhiteElo "2544"]
[BlackElo "2447"]
[PlyCount "120"]
[EventDate "2007.08.23"]
[EventType "swiss"]
[EventRounds "9"]
[EventCountry "ESP"]
[Source "lmi"]
[SourceDate "2007.08.23"]

1. Nf3 c5 2. c4 Nc6 3. d4 cxd4 4. Nxd4 Nf6 5. g3 Qb6 6. Nb5 Ne5 7. Bg2 Nxc4 8.
N1c3 d5 9. Nxd5 Nxd5 10. Qxd5 a6 11. Nc3 Nd6 12. O-O e6 13. Qd3 Be7 14. Be3 Qb4
15. b3 Bd7 16. Rfd1 Rd8 17. Bd2 Qb6 18. Qe3 Qxe3 19. Bxe3 Rc8 20. Na4 Bxa4 21.
bxa4 O-O 22. Bf4 Rfd8 23. Bxd6 Rxd6 24. Rxd6 Bxd6 25. Bxb7 Rc4 26. a5 Ra4 27.
Bxa6 Rxa5 28. Bc4 Ba3 29. Rb1 Ra7 30. Rb8+ Bf8 31. Bb3 g6 32. a4 Kg7 33. Kg2 h5
34. h4 Bc5 35. Rb5 Bd4 36. Bc2 Kf6 37. Rb4 Bc5 38. Rc4 Ra5 39. Bd3 Bd6 40. Rc6
Bb4 41. Bb5 Ra7 42. Kf3 Be1 43. Rc1 Ba5 44. Ke4 Rc7 45. Rb1 Rc2 46. Rd1 Bb6 47.
Kf3 Rc5 48. Kg2 Rf5 49. f4 Rc5 50. Rd6 Ba5 51. Ra6 Be1 52. Ra7 Rc3 53. Be8 Kf5
54. Rxf7+ Kg4 55. Bd7 Rxg3+ 56. Kf1 Bd2 57. Bxe6+ Kxh4 58. e4 Re3 59. Rg7 Kg3
60. Rxg6+ Kf3 0-1

[Event "41. Torneo de Ajedrez Villa de Mislata"]
[Site "Mislata ESP"]
[Date "2007.08.30"]
[Round "9.2"]
[White "Abreu Delgado, Aryam"]
[Black "Komljenovic, Davor"]
[Result "1-0"]
[WhiteElo "2486"]
[BlackElo "2487"]
[PlyCount "69"]
[EventDate "2007.08.23"]
[EventType "swiss"]
[EventRounds "9"]
[EventCountry "ESP"]
[Source "lmi"]
[SourceDate "2007.08.23"]

1. e4 c5 2. Nf3 d6 3. d4 cxd4 4. Nxd4 Nf6 5. Nc3 a6 6. Be3 Ng4 7. Bg5 h6 8. Bh4
g5 9. Bg3 Bg7 10. Be2 h5 11. Bxg4 Bxg4 12. f3 Bd7 13. Bf2 Nc6 14. Qd2 g4 15. f4
Na5 16. h3 O-O 17. O-O-O b5 18. Nd5 Rc8 19. Bh4 Re8 20. f5 Nc6 21. Ne2 f6 22.
Bf2 Rb8 23. Ng3 e6 24. fxe6 Rxe6 25. Nxh5 Rxe4 26. Bh4 Re6 27. Rhf1 Be8 28.
Nhxf6+ Bxf6 29. Nxf6+ Kg7 30. Nh5+ Bxh5 31. Bxd8 Rxd8 32. Qc3+ Ne5 33. Rf5 Bg6
34. Rxe5 Rxe5 35. Qc7+ 1-0

[Event "41. Torneo de Ajedrez Villa de Mislata"]
[Site "Mislata ESP"]
[Date "2007.08.30"]
[Round "9.3"]
[White "Castellanos Rodriguez, Renier"]
[Black "Vega Gutierrez, Sabrina"]
[Result "1/2-1/2"]
[WhiteElo "2471"]
[BlackElo "2321"]
[PlyCount "65"]
[EventDate "2007.08.23"]
[EventType "swiss"]
[EventRounds "9"]
[EventCountry "ESP"]
[Source "lmi"]
[SourceDate "2007.08.23"]

1. e4 c5 2. Nf3 Nc6 3. Bb5 e6 4. Bxc6 bxc6 5. d3 Ne7 6. h4 h5 7. e5 f6 8. Nbd2
fxe5 9. Nxe5 d6 10. Nec4 Nf5 11. Nf3 Be7 12. Qe2 Bf6 13. Bd2 Qe7 14. O-O-O Ba6
15. Rhe1 Rb8 16. c3 Bxc4 17. dxc4 e5 18. Qe4 Qb7 19. b3 Ne7 20. Bg5 Rd8 21. Kb1
a5 22. Bxf6 gxf6 23. Nd2 Qc8 24. Qf3 f5 25. Qe2 Qe6 26. Nf3 Qf6 27. Ng5 Rd7 28.
g3 Kd8 29. f4 e4 30. Qe3 Kc7 31. Rd2 Nc8 32. Red1 Nb6 33. Kc2 1/2-1/2

[Event "41. Torneo de Ajedrez Villa de Mislata"]
[Site "Mislata ESP"]
[Date "2007.08.30"]
[Round "9.4"]
[White "Garcia Roman, Daniel"]
[Black "Gomez Jurado, Luis Alberto"]
[Result "0-1"]
[WhiteElo "2427"]
[BlackElo "2301"]
[PlyCount "74"]
[EventDate "2007.08.23"]
[EventType "swiss"]
[EventRounds "9"]
[EventCountry "ESP"]
[Source "lmi"]
[SourceDate "2007.08.23"]

1. d4 Nf6 2. c4 c5 3. Nf3 cxd4 4. Nxd4 e5 5. Nb5 d5 6. cxd5 Bc5 7. N5c3 O-O 8.
e3 e4 9. Nd2 Qe7 10. a3 Rd8 11. b4 Bd6 12. Nc4 Be5 13. Nxe5 Qxe5 14. Bb2 Bg4
15. Be2 Bxe2 16. Qxe2 Nbd7 17. Rd1 Qg5 18. O-O Ne5 19. Kh1 Rac8 20. Rd4 Qf5 21.
f3 exf3 22. gxf3 Qh3 23. Rdd1 Nc4 24. Bc1 Nh5 25. Rg1 Ne5 26. f4 Nf3 27. Bb2
Rd6 28. Ne4 Rh6 29. Rg2 f5 30. Bxg7 Nxg7 31. Qb2 Qxg2+ 32. Qxg2 Rxh2+ 33. Qxh2
Nxh2 34. Nc5 b6 35. Na6 Rc2 36. Kg1 Nf3+ 37. Kf1 Nh5 0-1

[Event "41. Torneo de Ajedrez Villa de Mislata"]
[Site "Mislata ESP"]
[Date "2007.08.30"]
[Round "9.5"]
[White "Ipatov, Alexander"]
[Black "Gongora Reyes, Maikel"]
[Result "0-1"]
[WhiteElo "2298"]
[BlackElo "2425"]
[PlyCount "58"]
[EventDate "2007.08.23"]
[EventType "swiss"]
[EventRounds "9"]
[EventCountry "ESP"]
[Source "lmi"]
[SourceDate "2007.08.23"]

1. b3 e5 2. Bb2 d6 3. c4 f5 4. Nc3 Nf6 5. e3 Nc6 6. d4 exd4 7. exd4 d5 8. c5
Be7 9. Bb5 O-O 10. Nf3 Bd7 11. O-O a6 12. Bxc6 Bxc6 13. Ne5 Be8 14. f3 f4 15.
Re1 Nh5 16. Ng4 c6 17. Qd2 Bh4 18. Re5 Bg6 19. Ne2 Qd7 20. Bc3 Bf5 21. Nxf4 Bg5
22. g3 Bxf4 23. gxf4 Bxg4 24. fxg4 Qxg4+ 25. Qg2 Qxg2+ 26. Kxg2 Nxf4+ 27. Kg3
Rf6 28. Rae1 Raf8 29. R1e3 Rg6+ 0-1